[Event "SLO-ch U16"]
[Site "Celje"]
[Date "2004.03.10"]
[Round "9"]
[White "Jost, Ales"]
[Black "Hasanagic, Alim"]
[Result "1/2-1/2"]
[WhiteElo "1500"]
[BlackElo "1567"]
[PlyCount "29"]
[EventDate "2004.02.22"]
[EventType "swiss"]
[EventRounds "9"]
[EventCountry "SLO"]
[SourceTitle "EXT 2008"]
[Source "ChessBase"]
[SourceDate "2007.11.25"]
[SourceVersion "1"]
[SourceVersionDate "2007.11.25"]
[SourceQuality "1"]

1. e4 c5 2. Nf3 Nc6 3. c3 d5 4. exd5 Qxd5 5. Bb5 Bg4 6. Bxc6+ Qxc6 7. h3 Bxf3 8. Qxf3 Qxf3 9. gxf3 Nf6 10. d3 0-0-0 11. Ke2 Nd5 12. Be3 b6 13. Nd2 e5 14. Nc4 f6 15. Rhg1 1/2-1/2